000 00958nkm a2200229 i 4500
001 3016
003 ES-MaACL
005 20250713062534.0
007 khrbo
008 041108s1981 sp --- g |001||spa d
100 0 _aAlfonso,
_d1902-1990
_919858
245 1 0 _aPresentación de la revista "Actualidad jurídica" [
_hFotografía] /
_cAlfonso (sello).
260 _a[S.l. :
_bs.n.],
_c1981.
300 _a5 fot. :
_bb. y n. ;
_c12,5 x 18 cm.
500 _aDatos basados en invitación.
518 _aActo organizado por el Consejo de redacción de "Actualidad jurídica" y celebrado en el salón de actos del Ateneo de Madrid, el martes 16 de junio de 1981, a las 20:00 h.
610 2 4 _aAteneo de Madrid-
_xActos culturales-
_y1981-
_vFotografías.
_91892
710 2 _aAteneo de Madrid.
_91875
852 _aES-MaACL
_jFOT 49/1981
856 4 _uhttp://www.ateneodemadrid.net/biblioteca_digital/imagenes/1981/0049-1981.jpg
_zVer imagen
999 _c3016
_d3016